header

Citizenship beyond the state (Record no. 54994)

MARC details
000 -LEADER
fixed length control field 01209nam a2200337 a 4500
082 04 - DEWEY DECIMAL CLASSIFICATION NUMBER
Classification number 323.6
100 1# - MAIN ENTRY--AUTHOR NAME
Personal name Hoffman, John,
245 10 - TITLE STATEMENT
Title Citizenship beyond the state
260 ## - PUBLICATION, DISTRIBUTION, ETC. (IMPRINT)
Place of publication London ;
-- Thousand Oaks, Calif. :
Name of publisher SAGE,
Year of publication 2004.
300 ## - PHYSICAL DESCRIPTION
Number of Pages ix, 192 p.
650 #0 - SUBJECT ADDED ENTRY--TOPICAL TERM
Topical Term Citizenship.
Topical Term State, The.
Topical Term World citizenship.
856 40 - ELECTRONIC LOCATION AND ACCESS
Uniform Resource Identifier http://site.ebrary.com/lib/rucke/Doc?id=10080915

No items available.

© 2026 Rongo University
Contact us: librarian | system librarian | Rongo university